000 00574nam a22001697a 4500
005 20231113103506.0
008 231113b |||||||| |||| 00| 0 eng d
020 _a9780409058192
041 _aEnglish
082 _a345.5 SWA
100 _aSwanepoel, JP ; Lotter, S and Karels, MG
_lEnglish
245 _aPolicing and the Law :
_b A Practical Guide /
_cJP Swanepoel, S Lotter and MG Karels
260 _aDurban :
_bLexisNexis (Pty) Ltd,
_c2014
300 _bxxii, 457 pages ;
_c25 cm.
650 _aLegal practice
_bLaw
942 _cBK
_6ALISON_BN_VRIES
999 _c558
_d558